000 00943nam a2200229 a 4500
003 CO-ViMGA
005 20230915233134.0
008 141226s2015 ck a jr 0011j spa d
020 _a9789585911604
040 _aCO-ViMGA
_bspa
_cCO-ViMGA
082 0 4 _a940.5
_bA78h
100 1 0 _aAtwood, Kathryn J.
_942368
245 1 0 _aHeroinas de la Segunda Guerra Mundial
_b26 historias de espionaje, sabotaje, resistencia y rescate
_cKathryn J. Atwood ; traduccion de Jorge Rus SÇıchez
250 _aEdicion especial para El Ministerio de Cultura, Biblioteca Nacional de Colombia
260 _aBogota
_bAsociacion Colombiana de Libreros Independientes
_c2015
300 _a224 paginas
_c24 cm
650 1 4 _a Guerra mundial
_2LEMB
_xHistoria
_y1939-1945
_942369
650 1 4 _a Mujeres en la guerra
_xHistoria
_2LEMB
_924679
650 1 4 _aMujeres
_2LEMB
_vBiografias
_ySiglo XX
_924057
700 1 0 _aRus Sanchez, Jorge
_etraductor
_942370
942 _2ddc
_cBK
999 _c4047
_d4047